000 00543nam a22001697a 4500
005 20251108171823.0
008 250721s1989 xx 000 0 ara d
082 1 4 _a411.6/هاش
100 1 _aالخطاط، هاشم محمد
245 1 0 _aقواعد الخط العربي :
_bمجموعة خطية الأنواع الخطوط العربية /
264 1 _aبيروت :
_bعالم الكتب،
_c1989.
300 _a75ص
650 1 7 _aاللغة العربية
650 1 7 _aالخط العربي
942 _2ddc
_cBK
999 _c63433
_d63433